000 00782nam a22002177a 4500
005 20231221125231.0
010 _aENG-138689
020 _c450.00
_a9789390897919
035 _aEN-122221
037 _bDBAD/PUB
082 _a370.114
_21
100 _aVenkataiah,N.
_960112
245 _aVALUE CLASSIFICATION, DESCRIPTION,INCULCATION AND VALUE EDUCATION/
_bBy N. Venkataiah; C. Jangaiah & G. Viswanathappa
250 _a1
260 _aNew Delhi
_bNeelkamal Publications
_c2022
270 _a4764/1, 23, Ansari Road, Daryaganj
_bNew Delhi
_e110002
_k011-23244237
_k98118-28953
_mneelkamalbooks@gmail.com
300 _a128p.
_c27cm(hbk)
700 _aJangaiah,C.
_eAuthor
_960069
700 _aViswanathappa,G.
_eAuthor
_960105
942 _2ddc
_cEN
_h370.114
_mVEN
_e1
999 _c199756
_d199756